[Event "AUS-ch U12"]
[Site "Mooroolbark"]
[Date "2011.01.22"]
[Round "7"]
[White "Qi, Glen"]
[Black "Dale, Finley"]
[Result "1/2-1/2"]
[WhiteElo "1210"]
[BlackElo "882"]
[PlyCount "60"]
[EventDate "2011.01.19"]
[EventType "swiss"]
[EventRounds "9"]
[EventCountry "AUS"]
[SourceTitle "EXT 2013"]
[Source "ChessBase"]
[SourceDate "2012.11.22"]
[SourceVersion "1"]
[SourceVersionDate "2012.11.22"]
[SourceQuality "1"]

1. e4 c5 2. Nf3 d6 3. d4 cxd4 4. Nxd4 g6 5. Bd3 Nf6 6. 0-0 Bg7 7. Nc3 0-0 8. Be3 Nc6 9. Nxc6 bxc6 10. h3 Bd7 11. Qe1 c5 12. e5 Ne8 13. exd6 exd6 14. Rb1 Be6 15. a3 Qa5 16. Bd2 Qc7 17. Qc1 Nf6 18. Be2 a6 19. Rd1 Rfe8 20. Bf1 Nd5 21. Nxd5 Bxd5 22. Bf4 Qc6 23. Qd2 Be4 24. Qxd6 Qxd6 25. Rxd6 Bxc2 26. Rc1 Bf5 27. Rxa6 Bxb2 28. Rxa8 Rxa8 29. Rxc5 Bxa3 30. Rb5 Be6 1/2-1/2

[Event "Doeberl Cup Minor 47th"]
[Site "Canberra"]
[Date "2009.04.12"]
[Round "6"]
[White "Qi, Glen"]
[Black "Rostov, Gregory"]
[Result "0-1"]
[WhiteElo "476"]
[BlackElo "737"]
[PlyCount "94"]
[EventDate "2009.04.10"]
[EventType "swiss"]
[EventRounds "6"]
[EventCountry "AUS"]
[SourceTitle "CBM 129 Extra"]
[Source "ChessBase"]
[SourceDate "2009.05.05"]
[SourceVersion "2"]
[SourceVersionDate "2009.05.20"]
[SourceQuality "1"]

1. e4 c5 2. c3 d6 3. Nf3 Bg4 4. Be2 Nc6 5. d4 Bxf3 6. Bxf3 Qb6 7. d5 Ne5 8. b3 g6 9. Bf4 Bg7 10. 0-0 Qa6 11. Qe2 Qxe2 12. Bxe2 Nd7 13. Rc1 Ngf6 14. Nd2 0-0 15. Bb5 a6 16. Bxd7 Nxd7 17. Rab1 Ne5 18. h3 Nd3 19. Rc2 Nxf4 20. Re1 Nd3 21. Re3 Ne5 22. f4 Nd7 23. g4 b5 24. a3 b4 25. axb4 cxb4 26. cxb4 Bd4 27. Kf2 Bxe3+ 28. Kxe3 Rac8 29. Ra2 Ra8 30. Nc4 Rfb8 31. Ra4 Nb6 32. Nxb6 Rxb6 33. Kd4 f6 34. h4 Kf7 35. Kc4 Rc8+ 36. Kd3 e5 37. dxe6+ Kxe6 38. Kd4 h5 39. f5+ Kf7 40. gxh5 gxh5 41. Kd3 Rg8 42. Kd4 Ra8 43. Kd5 Ke7 44. Kc4 Kd7 45. Kd5 Rb5+ 46. Kc4 Kc6 47. Ra1 d5+ 0-1

[Event "Doeberl Cup Minor 47th"]
[Site "Canberra"]
[Date "2009.04.12"]
[Round "5"]
[White "Wilkie, Mary"]
[Black "Qi, Glen"]
[Result "1-0"]
[WhiteElo "1177"]
[BlackElo "476"]
[PlyCount "49"]
[EventDate "2009.04.10"]
[EventType "swiss"]
[EventRounds "6"]
[EventCountry "AUS"]
[SourceTitle "CBM 129 Extra"]
[Source "ChessBase"]
[SourceDate "2009.05.05"]
[SourceVersion "2"]
[SourceVersionDate "2009.05.20"]
[SourceQuality "1"]

1. e4 e6 2. d4 d5 3. Nc3 Ne7 4. Nf3 Nbc6 5. Bd3 h6 6. 0-0 Bd7 7. Re1 g6 8. exd5 Nb4 9. dxe6 Bxe6 10. Be4 Rb8 11. a3 Na6 12. d5 Bf5 13. Bxf5 gxf5 14. Ne5 Bg7 15. Bf4 Bxe5 16. Bxe5 Rf8 17. d6 cxd6 18. Bxd6 Nc7 19. Rxe7+ Qxe7 20. Bxe7 Kxe7 21. h3 Rfd8 22. Qe2+ Kf8 23. Qe5 Rbc8 24. Re1 Re8 25. Qh8# 1-0

[Event "Doeberl Cup Minor 47th"]
[Site "Canberra"]
[Date "2009.04.11"]
[Round "4"]
[White "Qi, Glen"]
[Black "Beahan, Patrick"]
[Result "0-1"]
[WhiteElo "476"]
[BlackElo "1349"]
[PlyCount "34"]
[EventDate "2009.04.10"]
[EventType "swiss"]
[EventRounds "6"]
[EventCountry "AUS"]
[SourceTitle "CBM 129 Extra"]
[Source "ChessBase"]
[SourceDate "2009.05.05"]
[SourceVersion "2"]
[SourceVersionDate "2009.05.20"]
[SourceQuality "1"]

1. Nc3 e5 2. g3 d5 3. Bg2 Nf6 4. e3 Nc6 5. Nf3 e4 6. Ng1 Bd6 7. Nge2 0-0 8. 0-0 a6 9. d3 Re8 10. a3 Bg4 11. Bd2 Qd7 12. Qe1 Ne5 13. d4 Nf3+ 14. Bxf3 Bxf3 15. g4 Qxg4+ 16. Ng3 Qh3 17. Qe2 Qg2# 0-1

[Event "Doeberl Cup Minor 47th"]
[Site "Canberra"]
[Date "2009.04.10"]
[Round "2"]
[White "Qi, Glen"]
[Black "Kanagarajah, Abbie"]
[Result "0-1"]
[WhiteElo "476"]
[BlackElo "1137"]
[PlyCount "122"]
[EventDate "2009.04.10"]
[EventType "swiss"]
[EventRounds "6"]
[EventCountry "AUS"]
[SourceTitle "CBM 129 Extra"]
[Source "ChessBase"]
[SourceDate "2009.05.05"]
[SourceVersion "2"]
[SourceVersionDate "2009.05.20"]
[SourceQuality "1"]

1. e4 e6 2. Nf3 d5 3. Nc3 d4 4. Ne2 Nc6 5. Ng3 e5 6. Bc4 Be7 7. 0-0 Nf6 8. Qe2 0-0 9. c3 Bg4 10. h3 Bxf3 11. Qxf3 Re8 12. d3 Qd7 13. Rd1 Rad8 14. Qf5 Qxf5 15. Nxf5 Bc5 16. Bd2 Rd7 17. cxd4 Nxd4 18. Nxd4 Bxd4 19. Rab1 Red8 20. Bc3 c6 21. Bxd4 Rxd4 22. f3 Ne8 23. Kf2 Nd6 24. Ke2 Nxc4 25. dxc4 Kf8 26. b3 Ke7 27. c5 b6 28. Rxd4 Rxd4 29. cxb6 axb6 30. Rd1 Rxd1 31. Kxd1 Kd6 32. Kd2 Kc5 33. Kc3 b5 34. b4+ Kd6 35. a3 c5 36. bxc5+ Kxc5 37. g3 g6 38. f4 f6 39. h4 h6 40. fxe5 fxe5 41. g4 g5 42. h5 Kc6 43. Kb4 Kb6 44. Kb3 Ka5 45. Kc2 Ka4 46. Kb2 b4 47. Ka2 bxa3 48. Kb1 Kb3 49. Ka1 Kc4 50. Ka2 Kd4 51. Kxa3 Kxe4 52. Kb3 Kf4 53. Kc4 e4 54. Kc3 Kxg4 55. Kd2 Kf3 56. Ke1 g4 57. Kf1 e3 58. Ke1 g3 59. Kf1 g2+ 60. Kg1 e2 61. Kh2 e1Q 0-1

[Event "AUS-ch U12"]
[Site "Adelaide"]
[Date "2009.01.12"]
[Round "10"]
[White "Qi, Glen"]
[Black "Hong, Jasper"]
[Result "1-0"]
[WhiteElo "421"]
[BlackElo "538"]
[PlyCount "129"]
[EventDate "2009.01.02"]
[EventType "swiss"]
[EventRounds "11"]
[EventCountry "AUS"]
[SourceTitle "CBM 128 Extra"]
[Source "ChessBase"]
[SourceDate "2009.03.05"]
[SourceVersion "2"]
[SourceVersionDate "2009.03.25"]
[SourceQuality "1"]

1. d4 d5 2. c4 e5 3. Nf3 e4 4. Nfd2 Nf6 5. e3 c5 6. Nc3 Nc6 7. Nb3 cxd4 8. Nxd4 Be6 9. Be2 dxc4 10. Nxe6 fxe6 11. Qxd8+ Rxd8 12. Bxc4 Nb4 13. Bb3 Nd3+ 14. Kf1 e5 15. Ba4+ Ke7 16. Bc2 g6 17. h3 Bh6 18. Rg1 Rhf8 19. g4 Nd7 20. Bxd3 exd3 21. b3 Nb6 22. Ba3+ Ke6 23. Bxf8 Rxf8 24. Rg3 Bg5 25. Rd1 Bh4 26. Rg2 Rd8 27. g5 Kf5 28. e4+ Ke6 29. Rg4 Bxg5 30. Rxg5 Kf6 31. Rg3 d2 32. Nb1 Rc8 33. Nxd2 Rc2 34. a3 Ra2 35. b4 h5 36. Nb1 Rc2 37. Rf3+ Ke7 38. Rc3 Rb2 39. Rc7+ Ke6 40. Rxb7 g5 41. Rxa7 h4 42. Ra6 Ke7 43. Rxb6 Rb3 44. a4 Rxh3 45. a5 Rb3 46. Kg2 h3+ 47. Kh2 g4 48. a6 Rb2 49. Rf1 Ra2 50. Rb7+ Ke6 51. a7 Ra4 52. Kg3 h2 53. Kxh2 g3+ 54. Kxg3 Ra2 55. Rh7 Kf6 56. b5 Ke6 57. b6 Kd6 58. b7 Rb2 59. b8Q+ Rxb8 60. axb8Q+ Kc5 61. Rc1+ Kd4 62. Qb4+ Kd3 63. Rc3+ Ke2 64. Qb2+ Ke1 65. Rh1# 1-0